[Event "Titled Tuesday intern op 16th Jul Late"]
[Site "Chess.com INT"]
[Date "2024.07.16"]
[Round "9"]
[White "Mullodzhanov, Nathaniel"]
[Black "Shakirov, Marat"]
[Result "0-1"]
[WhiteElo "1927"]
[BlackElo "2167"]
[PlyCount "80"]
[EventDate "2024.07.16"]
[EventType "swiss (blitz)"]
[EventRounds "11"]
[EventCountry "USA"]
[SourceTitle "EXT 2025"]
[Source "ChessBase"]
[SourceDate "2024.10.14"]
[SourceVersion "1"]
[SourceVersionDate "2024.10.14"]
[SourceQuality "1"]

1. e4 c5 2. c3 Nf6 3. e5 Nd5 4. Nf3 Nc6 5. Bc4 Nb6 6. Bb3 c4 7. Bc2 d6 8. exd6 Qxd6 9. 0-0 g6 10. Na3 Bg7 11. b3 cxb3 12. axb3 0-0 13. d4 Bg4 14. Re1 Rac8 15. h3 Bxf3 16. Qxf3 e5 17. Nb5 Qd7 18. Ba3 Rfd8 19. Nd6 exd4 20. Nxc8 Qxc8 21. Be7 Rd7 22. Bf6 Bxf6 23. Qxf6 Nd5 24. Qg5 Nxc3 25. Bf5 Qd8 26. Qg3 Rd6 27. Bd3 a6 28. h4 Nb4 29. h5 Kg7 30. h6+ Kxh6 31. Qf4+ Kg7 32. Qe5+ Qf6 33. Qg3 h5 34. Re8 Ncd5 35. Rae1 Nf4 36. Be4 d3 37. Bf3 d2 38. Rd1 Na2 39. Re3 a5 40. Bxb7 Rd4 0-1

[Event "Titled Tuesday intern op 25th Jun Early"]
[Site "Chess.com INT"]
[Date "2024.06.25"]
[Round "4"]
[White "La Villa Rivas, Marlon Javier"]
[Black "Mullodzhanov, Nathaniel"]
[Result "1-0"]
[WhiteElo "2246"]
[BlackElo "1927"]
[PlyCount "49"]
[EventDate "2024.06.25"]
[EventType "swiss (blitz)"]
[EventRounds "11"]
[EventCountry "USA"]
[SourceTitle "EXT 2025"]
[Source "ChessBase"]
[SourceDate "2024.10.14"]
[SourceVersion "1"]
[SourceVersionDate "2024.10.14"]
[SourceQuality "1"]

1. e4 c6 2. d4 d5 3. e5 Bf5 4. Nc3 e6 5. g4 Bg6 6. Nge2 c5 7. h4 h5 8. Nf4 Ne7 9. Nb5 Nec6 10. Nxg6 fxg6 11. Bd3 cxd4 12. Bxg6+ Kd7 13. Nxd4 Nxe5 14. Qe2 Nbc6 15. Nxc6 Nxc6 16. Bg5 Qa5+ 17. c3 hxg4 18. Bf7 Nd4 19. Qxg4 Bc5 20. 0-0-0 Nf5 21. Rxd5+ exd5 22. Qxf5+ Kc6 23. Bxd5+ Kb5 24. Qd7+ Ka6 25. Qxb7# 1-0

[Event "Titled Tuesday intern op 25th Jun Early"]
[Site "Chess.com INT"]
[Date "2024.06.25"]
[Round "9"]
[White "Mullodzhanov, Nathaniel"]
[Black "Cahaya, Satria Duta"]
[Result "1-0"]
[WhiteElo "1927"]
[BlackElo "2129"]
[PlyCount "61"]
[EventDate "2024.06.25"]
[EventType "swiss (blitz)"]
[EventRounds "11"]
[EventCountry "USA"]
[SourceTitle "EXT 2025"]
[Source "ChessBase"]
[SourceDate "2024.10.14"]
[SourceVersion "1"]
[SourceVersionDate "2024.10.14"]
[SourceQuality "1"]

1. e4 d5 2. Nc3 d4 3. Nce2 e5 4. d3 Nc6 5. f4 Bd6 6. Nf3 exf4 7. Bxf4 Bxf4 8. Nxf4 g5 9. Ne2 g4 10. Nd2 Nge7 11. Ng3 Ng6 12. c3 Be6 13. Be2 Qd7 14. 0-0 0-0-0 15. Nf5 h5 16. Nb3 Bxf5 17. Rxf5 Qe7 18. Rxh5 Rxh5 19. Bxg4+ Kb8 20. Bxh5 dxc3 21. bxc3 Nf4 22. d4 Qxe4 23. Qf3 Qf5 24. Rf1 Qxh5 25. Qxf4 Rh8 26. Nc5 f6 27. Rb1 Nd8 28. Na6+ Ka8 29. Nxc7+ Kb8 30. Na6+ Kc8 31. Qc7# 1-0

[Event "Titled Tuesday intern op 25th Jun Early"]
[Site "Chess.com INT"]
[Date "2024.06.25"]
[Round "6"]
[White "Pang, Qi"]
[Black "Mullodzhanov, Nathaniel"]
[Result "0-1"]
[WhiteElo "2209"]
[BlackElo "1927"]
[PlyCount "92"]
[EventDate "2024.06.25"]
[EventType "swiss (blitz)"]
[EventRounds "11"]
[EventCountry "USA"]
[SourceTitle "EXT 2025"]
[Source "ChessBase"]
[SourceDate "2024.10.14"]
[SourceVersion "1"]
[SourceVersionDate "2024.10.14"]
[SourceQuality "1"]

1. Nf3 Nf6 2. g3 g6 3. Bg2 Bg7 4. 0-0 0-0 5. d3 c5 6. e4 d6 7. Re1 e5 8. c3 Nc6 9. h3 h6 10. d4 Qc7 11. Na3 a6 12. Qc2 b5 13. Be3 c4 14. dxe5 dxe5 15. b3 cxb3 16. axb3 Bb7 17. Nd2 Rfd8 18. Rad1 Rac8 19. Qb2 b4 20. Nac4 bxc3 21. Qxc3 Nd4 22. Qb2 Kh7 23. Ra1 Qe7 24. f4 Nh5 25. Kh2 exf4 26. gxf4 Nf3+ 27. Bxf3 Bxb2 28. Nxb2 Rc2 29. Nbc4 Bxe4 30. Rac1 Rxc1 31. Rxc1 Bxf3 32. Nxf3 Rd3 33. Re1 Rxb3 34. Nd4 Rc3 35. Ne5 Qa3 36. Ng4 Qb2+ 37. Re2 Qa3 38. f5 Ng7 39. fxg6+ Kxg6 40. Rf2 Rxe3 41. Rf6+ Kh7 42. Rxh6+ Kg8 43. Nf6+ Kf8 44. Rh8+ Ke7 45. Nd5+ Kd6 46. Rd8+ Kc5 0-1

[Event "Titled Tuesday intern op 18th Jun Early"]
[Site "Chess.com INT"]
[Date "2024.06.18"]
[Round "7"]
[White "Harriott, Tyrell"]
[Black "Mullodzhanov, Nathaniel"]
[Result "1-0"]
[WhiteElo "1901"]
[BlackElo "1927"]
[PlyCount "73"]
[EventDate "2024.06.18"]
[EventType "swiss (blitz)"]
[EventRounds "11"]
[EventCountry "USA"]
[SourceTitle "EXT 2025"]
[Source "ChessBase"]
[SourceDate "2024.10.14"]
[SourceVersion "1"]
[SourceVersionDate "2024.10.14"]
[SourceQuality "1"]

1. d4 Nf6 2. e3 g6 3. Bd3 Bg7 4. f4 d6 5. Nf3 0-0 6. 0-0 c5 7. c3 Nc6 8. dxc5 dxc5 9. Qc2 Bg4 10. Nbd2 Nd5 11. Ne4 Rc8 12. Qb1 Qb6 13. Nf2 Bxf3 14. gxf3 e5 15. f5 c4 16. Bxc4 Nxe3 17. Bxe3 Qxe3 18. fxg6 Qg5+ 19. Kh1 hxg6 20. Rg1 Qh5 21. Qxg6 Qxg6 22. Rxg6 Nd4 23. Rag1 Nf5 24. Bb3 Kh7 25. R6g5 Nh4 26. Rh5+ Bh6 27. Rxh4 f5 28. Nh3 Rc6 29. Ng5+ Kg6 30. Ne6+ Kf6 31. Rxh6+ Ke7 32. Rg7+ Ke8 33. Rhh7 Rxe6 34. Bxe6 Rf6 35. Re7+ Kf8 36. Rxb7 Rxe6 37. Rh8# 1-0

[Event "Titled Tuesday intern op 18th Jun Early"]
[Site "Chess.com INT"]
[Date "2024.06.18"]
[Round "9"]
[White "Mamedjarova, Turkan"]
[Black "Mullodzhanov, Nathaniel"]
[Result "0-1"]
[WhiteElo "2217"]
[BlackElo "1927"]
[PlyCount "45"]
[EventDate "2024.06.18"]
[EventType "swiss (blitz)"]
[EventRounds "11"]
[EventCountry "USA"]
[SourceTitle "EXT 2025"]
[Source "ChessBase"]
[SourceDate "2024.10.14"]
[SourceVersion "1"]
[SourceVersionDate "2024.10.14"]
[SourceQuality "1"]

1. e4 c6 2. Nf3 d5 3. exd5 cxd5 4. d4 Nf6 5. Bd3 Nc6 6. 0-0 Nb4 7. Be2 Bf5 8. Na3 e6 9. c3 Nc6 10. Nc2 Bd6 11. Ne3 Bg6 12. Bd2 0-0 13. b4 Ne4 14. Bd3 Nxf2 15. Rxf2 Bxd3 16. Ng4 Bf5 17. Bg5 f6 18. Bxf6 gxf6 19. Nh6+ Kh8 20. Nxf5 exf5 21. Nh4 f4 22. Qh5 Rg8 23. Nf5 0-1

[Event "Titled Tuesday intern op 18th Jun Early"]
[Site "Chess.com INT"]
[Date "2024.06.18"]
[Round "8"]
[White "Mullodzhanov, Nathaniel"]
[Black "Fierz, Martin"]
[Result "0-1"]
[WhiteElo "1927"]
[BlackElo "2347"]
[PlyCount "64"]
[EventDate "2024.06.18"]
[EventType "swiss (blitz)"]
[EventRounds "11"]
[EventCountry "USA"]
[SourceTitle "EXT 2025"]
[Source "ChessBase"]
[SourceDate "2024.10.14"]
[SourceVersion "1"]
[SourceVersionDate "2024.10.14"]
[SourceQuality "1"]

1. e4 c5 2. c3 Nf6 3. e5 Nd5 4. Nf3 d6 5. exd6 e6 6. g3 Bxd6 7. Bg2 0-0 8. 0-0 Nc6 9. d4 Qc7 10. Na3 a6 11. Nc4 cxd4 12. Nxd6 Qxd6 13. Nxd4 Rd8 14. Re1 Rb8 15. Nxc6 Qxc6 16. Bf4 Ra8 17. Qg4 Nf6 18. Bxc6 Nxg4 19. Bc7 Rf8 20. Bf3 Nf6 21. Rad1 Nd5 22. Bd6 Rd8 23. Bc5 b5 24. b3 Bb7 25. c4 Rdc8 26. cxd5 Rxc5 27. dxe6 Bxf3 28. e7 Rcc8 29. Rd3 Bc6 30. Rc3 Be8 31. Rd3 f6 32. f4 Kf7 0-1

[Event "Titled Tuesday intern op 18th Jun Early"]
[Site "Chess.com INT"]
[Date "2024.06.18"]
[Round "6"]
[White "Mullodzhanov, Nathaniel"]
[Black "Rustamov, Rustam"]
[Result "0-1"]
[WhiteElo "1927"]
[BlackElo "2285"]
[PlyCount "72"]
[EventDate "2024.06.18"]
[EventType "swiss (blitz)"]
[EventRounds "11"]
[EventCountry "USA"]
[SourceTitle "EXT 2025"]
[Source "ChessBase"]
[SourceDate "2024.10.14"]
[SourceVersion "1"]
[SourceVersionDate "2024.10.14"]
[SourceQuality "1"]

1. e4 c5 2. c3 Nf6 3. e5 Nd5 4. Nf3 d6 5. exd6 e6 6. g3 Nc6 7. Bg2 Bxd6 8. 0-0 0-0 9. d4 cxd4 10. Nxd4 Bd7 11. c4 Nf6 12. Bg5 Bc5 13. Bxf6 gxf6 14. Nxc6 Bxc6 15. Qg4+ Kh8 16. Bxc6 bxc6 17. Nc3 f5 18. Qf3 Qc7 19. Rad1 Rad8 20. a3 Bd4 21. b4 a5 22. Rd2 axb4 23. axb4 Bf6 24. Rfd1 Rxd2 25. Rxd2 Rd8 26. Rxd8+ Qxd8 27. Ne2 Qb6 28. c5 Qxb4 29. Qxc6 Qe1+ 30. Kg2 Qxe2 31. Qc8+ Kg7 32. c6 Bd4 33. c7 Qxf2+ 34. Kh3 Qf1+ 35. Kh4 Bf6+ 36. Kh5 Qh3# 0-1

[Event "Titled Tuesday intern op 18th Jun Early"]
[Site "Chess.com INT"]
[Date "2024.06.18"]
[Round "1"]
[White "Mullodzhanov, Nathaniel"]
[Black "Singgih, Diajeng Theresa"]
[Result "1-0"]
[WhiteElo "1927"]
[BlackElo "1918"]
[PlyCount "81"]
[EventDate "2024.06.18"]
[EventType "swiss (blitz)"]
[EventRounds "11"]
[EventCountry "USA"]
[SourceTitle "EXT 2025"]
[Source "ChessBase"]
[SourceDate "2024.10.14"]
[SourceVersion "1"]
[SourceVersionDate "2024.10.14"]
[SourceQuality "1"]

1. e4 e5 2. Nf3 Nc6 3. d4 exd4 4. Nxd4 Bc5 5. Nb3 Bb6 6. Nc3 Nge7 7. Qe2 0-0 8. Bg5 d6 9. 0-0-0 Be6 10. Be3 Ng6 11. Nd4 Nce5 12. Nxe6 fxe6 13. Bxb6 axb6 14. g3 Nf3 15. Rd3 Nge5 16. Re3 Nd4 17. Qd1 c5 18. f4 Nec6 19. Bc4 Na5 20. Bb5 Nac6 21. Kb1 Qb8 22. b3 Qa7 23. a4 Qa5 24. Rf1 Na7 25. Qe1 Naxb5 26. Nxb5 Nxb5 27. Qxa5 Rxa5 28. axb5 Rxb5 29. Rd1 Ra8 30. Rxd6 Rba5 31. Rxb6 R8a6 32. Rxb7 Ra1+ 33. Kb2 Rh1 34. Rd3 h6 35. Rd8+ Kh7 36. Rdd7 Kg6 37. g4 e5 38. Rxg7+ Kf6 39. Rbf7+ Ke6 40. f5+ Kd6 41. Rg6# 1-0